000 00591nam a2200205Ia 4500
003 GCL
008 140319s9999 xx 000 0 ara d
040 _aGCL /
_cGCL
082 0 4 _a709.03
_bم ق
100 1 _aمصطفى يحيى
245 1 0 _aالقيم التشكيلية قبل وبعد التعبيرية /
_cمصطفى يحيى
260 _a[S.N] :
_bدار المعارف ،
_c1993
300 _a240 ص
490 _a
650 0 4 _aالفن
650 0 4 _aالفنون التشكيلية
650 0 4 _aالفن الحديث
650 0 4 _aالتعبيرية
942 _2ddc
_cBK
999 _c58500
_d58500